|
|
|
|
| LEADER |
00000naa2a2200000 4500 |
| 001 |
419867 |
| 005 |
20231101073320.0 |
| 035 |
|
|
|a (RuTPU)RU\TPU\prd\77325
|
| 035 |
|
|
|a RU\TPU\prd\19606
|
| 090 |
|
|
|a 419867
|
| 100 |
|
|
|a 20100227a2003 k y0rusy50 ca
|
| 101 |
0 |
|
|a rus
|
| 102 |
|
|
|a RU
|
| 200 |
1 |
|
|a Монокристаллы полупроводниковых соединений III-V: современное производство и перспективы его развития
|f А. В. Марков
|
| 320 |
|
|
|a Библиогр.: 21 назв.
|
| 461 |
|
1 |
|0 (RuTPU)RU\TPU\prd\191
|x 0021-3411
|t Известия вузов. Физика
|f Министерство общего и профессионального образования Российской Федерации ; Томский Госуниверситет
|d 1958-
|
| 463 |
|
1 |
|0 (RuTPU)RU\TPU\prd\77324
|t Т. 46, № 6
|v с. 5-11
|d 2003
|
| 610 |
1 |
|
|a монокристаллы арсенида галия
|
| 610 |
1 |
|
|a полупроводниковые соединения
|
| 610 |
1 |
|
|a современное производтво
|
| 610 |
1 |
|
|a перспективы
|
| 610 |
1 |
|
|a кристализация
|
| 675 |
|
|
|a 621.315.592:669'778'871
|v 3
|
| 700 |
|
1 |
|a Марков
|b А. В.
|
| 801 |
|
1 |
|a RU
|b 63413507
|c 20031114
|g PSBO
|
| 801 |
|
2 |
|a RU
|b 63413507
|c 20101028
|g RCR
|
| 942 |
|
|
|c BK
|